000 00196 a2200085 4500
020 _a978-1133108771
100 _a Richard A. Dunlap
245 _aSustainable Energy
260 _bCengage Learning
_c 2014
999 _c13126
_d13126